[Event "Sao Paulo Pascoa op"]
[Site "Sao Paulo"]
[Date "2024.03.31"]
[Round "5"]
[White "Ortiz, Gabriel Soares"]
[Black "Ruvieri, Daniel Minami"]
[Result "0-1"]
[WhiteElo "1800"]
[BlackElo "1754"]
[PlyCount "92"]
[EventDate "2024.03.29"]
[EventType "swiss"]
[EventRounds "6"]
[EventCountry "BRA"]
[SourceTitle "CB14_2024"]
[SourceDate "2024.04.01"]
[SourceVersion "1"]
[SourceVersionDate "2024.04.01"]
[SourceQuality "1"]

1. d4 Nf6 2. c4 e6 3. Nc3 Bb4 4. Nf3 Bxc3+ 5. bxc3 c5 6. e3 d6 7. Bd3 0-0 8. 0-0 b6 9. Re1 Nc6 10. e4 e5 11. d5 Na5 12. h3 Ba6 13. Qe2 Qd7 14. Bg5 Ne8 15. Nd2 f6 16. Be3 Qa4 17. Qg4 Bxc4 18. Nxc4 Nxc4 19. f4 Nxe3 20. Rxe3 Qa3 21. Qe6+ Kh8 22. c4 exf4 23. Rf3 Qb2 24. Raf1 Qe5 25. Qd7 g5 26. g3 fxg3 27. Kg2 Ng7 28. Rxg3 Nh5 29. Rgf3 Nf4+ 30. Kg1 Qd4+ 31. Kh1 Nxd3 32. Qxd6 Qxe4 33. Kh2 Qe5+ 34. Qxe5 Nxe5 35. Rxf6 Rxf6 36. Rxf6 Nxc4 37. Kg3 Kg7 38. Rc6 Rd8 39. Rc7+ Kg6 40. Rxa7 Rxd5 41. Kf3 Rd3+ 42. Ke4 Rxh3 43. Kd5 Ra3 44. Rb7 Ra4 45. Kc6 Na5+ 46. Kb5 Rb4+ 0-1

[Event "Sao Paulo Sampa op"]
[Site "Sao Paulo"]
[Date "2024.02.02"]
[Round "6"]
[White "Ruvieri, Daniel Minami"]
[Black "Santanna, Paulo"]
[Result "0-1"]
[WhiteElo "1481"]
[BlackElo "2021"]
[PlyCount "46"]
[EventDate "2024.01.29"]
[EventType "swiss"]
[EventRounds "9"]
[EventCountry "BRA"]
[SourceTitle "CB06_2024"]
[SourceDate "2024.02.07"]
[SourceVersion "1"]
[SourceVersionDate "2024.02.07"]
[SourceQuality "1"]

1. e4 c5 2. Nf3 a6 3. d4 cxd4 4. Nxd4 Nf6 5. Nc3 e5 6. Nf5 d5 7. Bg5 d4 8. Bxf6 gxf6 9. Ne2 h5 10. h4 Qb6 11. Rb1 Nc6 12. a3 Bxf5 13. exf5 Bh6 14. b4 e4 15. Ng3 e3 16. Bd3 exf2+ 17. Kf1 0-0-0 18. Kxf2 Be3+ 19. Ke2 Rhg8 20. b5 Rxg3 21. Be4 axb5 22. Qd3 b4 23. Bxc6 Qxc6 0-1

[Event "Florianopolis op 10th"]
[Site "Florianopolis"]
[Date "2024.01.20"]
[Round "1"]
[White "Zacarias, Rodrigo Medeiros"]
[Black "Ruvieri, Daniel Minami"]
[Result "1-0"]
[WhiteElo "2058"]
[BlackElo "1437"]
[PlyCount "49"]
[EventDate "2024.01.20"]
[EventType "swiss"]
[EventRounds "10"]
[EventCountry "BRA"]
[SourceTitle "CB05_2024"]
[SourceDate "2024.01.31"]
[SourceVersion "1"]
[SourceVersionDate "2024.01.31"]
[SourceQuality "1"]

1. e4 e5 2. Nf3 d6 3. d4 Nf6 4. Nc3 Nbd7 5. Bc4 Be7 6. 0-0 0-0 7. a4 a5 8. h3 c6 9. Be3 Qc7 10. Qe2 b6 11. Rfd1 Bb7 12. Nh2 Rfc8 13. Ba2 Ba6 14. Qf3 exd4 15. Bxd4 Ne5 16. Bxe5 dxe5 17. Ng4 Rd8 18. Qf5 Nxg4 19. Bxf7+ Kf8 20. hxg4 Bc8 21. Be6+ Bf6 22. Bxc8 Rxd1+ 23. Rxd1 Qxc8 24. Rd7 Kg8 25. g5 1-0

[Event "Osasco op"]
[Site "Osasco"]
[Date "2023.12.01"]
[Round "1"]
[White "Roselli, Danilo Palomares"]
[Black "Ruvieri, Daniel Minami"]
[Result "1/2-1/2"]
[WhiteElo "1862"]
[BlackElo "1370"]
[PlyCount "139"]
[EventDate "2023.12.01"]
[EventType "swiss"]
[EventRounds "6"]
[EventCountry "BRA"]
[SourceTitle "CB50_2023"]
[SourceDate "2023.12.13"]
[SourceVersion "1"]
[SourceVersionDate "2023.12.13"]
[SourceQuality "1"]

1. b3 e5 2. Bb2 Nc6 3. e3 d5 4. Bb5 Bd6 5. f4 Qe7 6. Nf3 Bg4 7. fxe5 Bxf3 8. Qxf3 Bxe5 9. Bxe5 Qxe5 10. 0-0 Nf6 11. Nc3 0-0 12. Bxc6 bxc6 13. Qf4 Qe7 14. Rf3 Ne4 15. Nxe4 Qxe4 16. Qxe4 dxe4 17. Rf5 Rad8 18. Rd1 Rd5 19. Rf4 f5 20. d4 g6 21. c4 Rd6 22. c5 Rd5 23. g4 Kg7 24. Rdf1 a5 25. Kg2 Rf6 26. g5 Rf8 27. Kg3 Rh8 28. h4 h5 29. R4f2 Rb8 30. Kf4 Kf7 31. Rc2 Rb7 32. Rc4 Ke6 33. Ra4 Rb5 34. Rc1 Rd8 35. Rcc4 Kd5 36. Ra3 Rdb8 37. Rca4 Ra8 38. b4 axb4 39. Rxa8 bxa3 40. Rxa3 Rb2 41. Kg3 Re2 42. Kh3 Rf2 43. Kg3 Rf3+ 44. Kg2 f4 45. Rb3 fxe3 46. a4 e2 47. Rb1 Ra3 48. Kf2 Rxa4 49. Kxe2 Rxd4 50. Rb7 Kxc5 51. Rxc7 Rd6 52. Ke3 Rd3+ 53. Kxe4 Rd4+ 54. Ke5 Rxh4 55. Kf6 Kd6 56. Rh7 c5 57. Kxg6 c4 58. Rxh5 Rxh5 59. Kxh5 c3 60. g6 c2 61. g7 c1Q 62. g8Q Qh1+ 63. Kg6 Qg2+ 64. Kf7 Qf3+ 65. Kg7 Ke7 66. Kh6 Qh3+ 67. Kg6 Qg4+ 68. Kh7 Qh5+ 69. Kg7 Qg5+ 70. Kh8 1/2-1/2

[Event "Niteroi op 3rd"]
[Site "Niteroi"]
[Date "2023.09.09"]
[Round "8"]
[White "Bonilla Viamonte, Diego Armando"]
[Black "Ruvieri, Daniel Minami"]
[Result "1-0"]
[WhiteElo "1557"]
[BlackElo "1296"]
[PlyCount "117"]
[EventDate "2023.09.04"]
[EventType "swiss"]
[EventRounds "9"]
[EventCountry "BRA"]
[SourceTitle "EXT 2024"]
[Source "ChessBase"]
[SourceDate "2023.10.10"]
[SourceVersion "1"]
[SourceVersionDate "2023.10.10"]
[SourceQuality "1"]

1. e4 e5 2. Nf3 d6 3. Bc4 Nf6 4. d3 Be7 5. h3 0-0 6. Be3 c6 7. Bb3 Nbd7 8. Nbd2 Qc7 9. c3 b6 10. 0-0 Bb7 11. Nh2 d5 12. Bg5 Nc5 13. Bxf6 Bxf6 14. Bc2 Rad8 15. Qe2 dxe4 16. dxe4 Ba6 17. c4 Ne6 18. Nhf3 Nd4 19. Nxd4 Rxd4 20. b3 Be7 21. Nf3 Rd7 22. Rfd1 Rfd8 23. Rxd7 Rxd7 24. Rd1 f6 25. Nh4 Rxd1+ 26. Qxd1 Qd6 27. Nf5 Qxd1+ 28. Bxd1 Bc5 29. Kf1 g6 30. Ng3 b5 31. cxb5 Bxb5+ 32. Be2 Kf7 33. Bxb5 cxb5 34. Ke2 Ke6 35. f3 a5 36. Kd3 Bf2 37. Ne2 b4 38. Kc4 Bb6 39. Nc1 Kd6 40. Kb5 Bd8 41. Nd3 f5 42. Nb2 fxe4 43. fxe4 Ke6 44. Nc4 Kf6 45. Nxa5 Kg5 46. Nc6 Bc7 47. Nxb4 Kf4 48. Nd5+ Kxe4 49. Nxc7 Kd4 50. Ne6+ Kd3 51. Nc5+ Kd4 52. a4 e4 53. Nxe4 Kxe4 54. a5 Kf4 55. a6 Kg3 56. a7 Kxg2 57. h4 Kg3 58. h5 gxh5 59. a8Q 1-0

[Event "Jundiai op 4th"]
[Site "Jundiai"]
[Date "2023.07.23"]
[Round "4"]
[White "Ruvieri, Daniel Minami"]
[Black "Bianchini, Marlon"]
[Result "0-1"]
[WhiteElo "1313"]
[BlackElo "1184"]
[PlyCount "102"]
[EventDate "2023.07.21"]
[EventType "swiss"]
[EventRounds "5"]
[EventCountry "BRA"]
[SourceTitle "CBM 215 Extra"]
[Source "ChessBase"]
[SourceDate "2023.09.30"]
[SourceVersion "1"]
[SourceVersionDate "2023.09.30"]
[SourceQuality "1"]

1. e4 c5 2. Nf3 e6 3. d4 cxd4 4. Nxd4 a6 5. Nc3 Qc7 6. Be2 Nf6 7. Bg5 Be7 8. Qd3 b5 9. Bf3 Bb7 10. e5 Qxe5+ 11. Nde2 Bxf3 12. Qxf3 Nc6 13. Bf4 Qc5 14. Be3 Qb4 15. Rb1 Qg4 16. Nd4 0-0 17. Nxc6 dxc6 18. Qxc6 Rac8 19. Qb7 Bb4 20. Bd2 Nd5 21. Nxd5 Bxd2+ 22. Kxd2 exd5 23. Rbf1 Qe4 24. c3 Qf4+ 25. Kc2 d4 26. Qf3 Qc7 27. Qd3 Rfd8 28. Kb1 dxc3 29. Qxc3 Qxc3 30. bxc3 Rxc3 31. Rd1 Rcd3 32. Rxd3 Rxd3 33. Kc2 Rd6 34. Re1 g6 35. Rd1 Rc6+ 36. Kb2 Kg7 37. Rc1 Rxc1 38. Kxc1 Kf6 39. Kc2 Ke5 40. Kc3 a5 41. a3 f5 42. Kd3 h5 43. h4 f4 44. f3 b4 45. axb4 axb4 46. Kc4 b3 47. Kxb3 Kd4 48. Kb4 Ke3 49. Kc4 Kf2 50. Kd4 Kxg2 51. Ke4 Kg3 0-1

[Event "Caioba op 7th"]
[Site "Caioba"]
[Date "2023.06.22"]
[Round "6"]
[White "Ruvieri, Daniel Minami"]
[Black "Medeiros, Thauane Ferreira"]
[Result "0-1"]
[WhiteElo "1313"]
[BlackElo "1886"]
[PlyCount "60"]
[EventDate "2023.06.18"]
[EventType "swiss"]
[EventRounds "9"]
[EventCountry "BRA"]
[SourceTitle "CBM 214 Extra"]
[Source "ChessBase"]
[SourceDate "2023.07.31"]
[SourceVersion "1"]
[SourceVersionDate "2023.07.31"]
[SourceQuality "1"]

1. e4 e5 2. Nf3 Nc6 3. Bb5 Nf6 4. 0-0 Nxe4 5. d4 d5 6. Nxe5 Bd7 7. Re1 Nxe5 8. Bxd7+ Qxd7 9. dxe5 0-0-0 10. Nd2 Qe6 11. Nxe4 dxe4 12. Qh5 Bc5 13. Bf4 Qb6 14. Qf5+ Kb8 15. Rf1 e3 16. Bxe3 Bxe3 17. fxe3 Rhe8 18. Qxf7 Qxe3+ 19. Kh1 Qxe5 20. b3 Rd2 21. c4 a6 22. h3 Red8 23. Rfe1 Qg5 24. Rg1 R8d3 25. Qe8+ Ka7 26. Qe4 Qh6 27. Qf5 Qd6 28. Qxh7 Rg3 29. Qf5 Qc6 30. Rad1 Rgxg2 0-1

[Event "Jundiai op"]
[Site "Jundiai"]
[Date "2023.04.15"]
[Round "2"]
[White "Ruvieri, Daniel Minami"]
[Black "Machado, Marcos Donizete"]
[Result "1/2-1/2"]
[WhiteElo "1800"]
[BlackElo "1488"]
[PlyCount "66"]
[EventDate "2023.04.14"]
[EventType "swiss"]
[EventRounds "5"]
[EventCountry "BRA"]
[SourceTitle "CBM 213 Extra"]
[Source "ChessBase"]
[SourceDate "2023.05.31"]
[SourceVersion "1"]
[SourceVersionDate "2023.05.31"]
[SourceQuality "1"]

1. e4 e5 2. Nf3 Nc6 3. Bb5 a6 4. Ba4 Nf6 5. 0-0 Nxe4 6. d4 b5 7. Bb3 d5 8. dxe5 Be6 9. Be3 Be7 10. c3 0-0 11. Nbd2 Nxd2 12. Qxd2 Na5 13. Nd4 Nxb3 14. axb3 Bd7 15. Ne2 c6 16. Qd3 Qc7 17. f4 g6 18. Ng3 Bh4 19. Bc5 Rfe8 20. Rfc1 Bxg3 21. Qxg3 Bf5 22. h4 h5 23. c4 Qd7 24. Bd6 Qa7+ 25. Kh2 bxc4 26. bxc4 d4 27. Rd1 d3 28. b4 Qd4 29. Rac1 Qb2 30. Qe3 a5 31. Rb1 Qc2 32. Rbc1 Qb2 33. Rb1 Qc2 1/2-1/2